01140nam a2200289 i 4500001001000000003000900010005001700019007000300036008004100039020001500080040003000095041000800125082002500133100004800158245012400206246010300330250002300433264004600456300005400502336002700556337003300583338002800616610006700644650003200711650002900743651007800772000038548DO-SdBNP20241121095827.0ta130415s1994 dr ac 000 0 spa d a846051336X aDO-SdBNPbspacBNPHUerda aspa 4a972.93054bB641c2221 aBlanco Fernández, Ramón A.eautor4aut.10a1J4 :bde la apariencia a la esencia ( breve historia de algunos errores políticos) /cRamón A. Blanco Fernández.13aCatorce de junio :bde la apariencia a la esencia ( breve historia de algunos errores políticos) aPrimera edición  1aSanto Domingo :bEditora Corripio,c1994. a176 páginas :bilustraciones retratos ;c24 cm. ardacontentbtexto2txt ardamediabsin mediación2n ardacarrierbvolumen2nc24aMovimiento revolucionario 14 de Junio (República Dominicana) 4aMovimientos revolucionarios 4aActividades clandestinas 4aRepública DominicanaxPolítica Y GobiernoyEra de Trujillo, 1930-1961